Propuesta de periodización y desarrollo del sindicalismo en Costa Rica (1932-1998) = Proposal of periodization and development of trade unionism in Costa Rica (1932-1998) /
Se propone un modelo de periodización y análisis del desarrollo del sindicalismo en Costa Rica durante el siglo XX. Es por esto que se busca identificar cómo los cambios políticos y económicos afectan a las organizaciones sindicales y cómo las han llevado a fragmentarse, a perder peso como organizac...
Gespeichert in:
| 1. Verfasser: | |
|---|---|
| Format: | Text |
| Schlagworte: | |
| Tags: |
Tag hinzufügen
Keine Tags, Fügen Sie den ersten Tag hinzu!
|
MARC
| LEADER | 00000 a a2200000 04500 | ||
|---|---|---|---|
| 001 | 43159 | ||
| 003 | |||
| 040 | |||
| 100 | |a Díaz González, José Andrés | ||
| 245 | |a Propuesta de periodización y desarrollo del sindicalismo en Costa Rica (1932-1998) = |b Proposal of periodization and development of trade unionism in Costa Rica (1932-1998) / |c José Andrés Díaz González | ||
| 500 | |a jadg64@yahoo.com | ||
| 520 | |a Se propone un modelo de periodización y análisis del desarrollo del sindicalismo en Costa Rica durante el siglo XX. Es por esto que se busca identificar cómo los cambios políticos y económicos afectan a las organizaciones sindicales y cómo las han llevado a fragmentarse, a perder peso como organización social y a una disminución constante de la tasa de sindicalización; lo anterior a pesar de mantener una base estable de sindicatos existentes en Costa Rica en las décadas finales del siglo pasado. | ||
| 590 | |a KSR/SETIEMBRE2012 | ||
| 650 | |a 1.SINDICALISMO | ||
| 650 | |a 2.ANALISIS HISTORICO | ||
| 650 | |a 3.ORGANIZACION DEL TRABAJO | ||
| 650 | |a 4.CAMBIO ECONOMICO | ||
| 650 | |a 5.DESARROLLO POLITICO | ||
| 650 | |a 6.COSTA RICA | ||
| 773 | |g número128 ( , 2010), páginas 137-157 : tablas, gráficos | ||
| 999 | |c 37029 |d 37029 | ||
| 773 | 0 | |0 18728 |9 3018 |a Universidad de Costa Rica |d San José, Costa Rica Editorial UCR 1956- |o 13130 |t Revista de Ciencias Sociales/ |x 04825276 | |
